1% superboháčov vlastní viac majetku ako 99% ľudstva
Oxfam je medzinárodná nevládna charitatívna organizácia, založená v britskom Oxforde v roku 1942. Zistenia z minuloročnej správy mimovládnej charitatívnej organizáciie Oxfam, ktorá podčiarkuje, že priepasť medzi bohatými a chudobnými sa z roka na rok prehlbuje.
Salvato in:
| Autore principale: | |
|---|---|
| Natura: | Capitolo di libro |
| Lingua: | slovacco |
| Soggetti: | |
| Tags: |
Nessun Tag, puoi essere il primo ad aggiungerne!!
|
MARC
| LEADER | 00000naa a2200000 4500 | ||
|---|---|---|---|
| 001 | 0213998 | ||
| 005 | 20230912114945.5 | ||
| 041 | 0 | |a slo | |
| 044 | |a SK | ||
| 245 | 1 | 0 | |a 1% superboháčov vlastní viac majetku ako 99% ľudstva |c Václav Bobáň |
| 520 | |a Oxfam je medzinárodná nevládna charitatívna organizácia, založená v britskom Oxforde v roku 1942. Zistenia z minuloročnej správy mimovládnej charitatívnej organizáciie Oxfam, ktorá podčiarkuje, že priepasť medzi bohatými a chudobnými sa z roka na rok prehlbuje. | ||
| 610 | 2 | 0 | |a organizácie nevládne |
| 610 | 2 | 0 | |a organizácie charitatívne |
| 610 | 2 | 0 | |a prieskum |
| 610 | 2 | 0 | |a bohatí |
| 610 | 2 | 0 | |a chudobní |
| 610 | 2 | 0 | |a nerovnosť sociálna |
| 610 | 2 | 0 | |a spoločnosť |
| 610 | 2 | 0 | |a stratifikácia sociálna |
| 100 | 1 | |a Bobáň, Václav | |